| 000 | 00584nam a22001937a 4500 | ||
|---|---|---|---|
| 999 |
_c13390 _d13390 |
||
| 003 | AR-CdUCM | ||
| 008 | 190415b ||||| |||| 00| 0 spa d | ||
| 040 |
_aMUNICIPALIDAD PROVINCIAL DEL CUSCO _cBIBLIOTECA MUNICIPAL DEL CUSCO |
||
| 082 |
_a869.57 / _bH39 |
||
| 100 |
_aHendersen, Carlos _931799 |
||
| 245 | _aCanciones para mis Vecinos / | ||
| 260 |
_aLima : _bEdiciones Hora Zero ; _c1970. |
||
| 300 |
_a44 páginas ; _c17cm |
||
| 505 | _aContenido: Poesía | ||
| 650 |
_aPoesía _9139 |
||
| 650 |
_aLiteratura peruana _97175 |
||
| 942 |
_2ddc _cLIBROS |
||
| 945 |
_anom _d2019-04-15 |
||